000 00499nam a2200169Ia 4500
008 230711s9999||||xx |||||||||||||| ||und||
020 _a978-81-7993-573-6
041 _aENG
082 _a621.47
_bSU-S
100 _aDeambi,Suneel
245 0 _aFrom sunlight to electricity : A practical handbook on solar photovoltaic applications
250 _a3rd Ed.
260 _c2015
_aNew Delhi
_bTERI The Energy and Resources Institute
300 _a158p.
650 _aElectrical Engineering
942 _cBK
999 _c6290
_d6290